Material inflamable en la política mundial /

En estos dos artículos , el autor analiza el movimiento de liberación ncaional de algunos países de Asia en el tiempo que se agudizaba la lucha del proletariado con la burguesía en los países desarrollados. Lenin destaca el movimiento de liberación nacional en Persia, Turquía y China. Considera la l...

Fuld beskrivelse

Guardado en:
Bibliografiske detaljer
Hovedforfatter: Lenin (autor)
Format: Bog
Sprog:spansk
Udgivet: Moscú, Rusia : Progreso, 1980, c1980
Fag:
Tags: Tilføj Tag
Ingen Tags, Vær først til at tagge denne postø!

MARC

LEADER 00000nam^a2200000^a^4500
001 000182253
005 20250521000000.0
009 20260310102000.475
037 |a Acervo ITESO - Biblioteca 
041 |a ESP 
082 |a 322. 42  |b LEN 
100 |a Lenin  |e (autor) 
245 1 0 |a Material inflamable en la política mundial /  |c N. Lenin. 
264 4 |a Moscú, Rusia :  |b Progreso,  |c 1980, c1980 
300 |a 18 p. 
336 |a texto  |b txt  |2 rdacontenido 
337 |a sin mediación  |b n  |2 rdamedio 
338 |a volumen  |b nc  |2 rdasoporte 
520 |a En estos dos artículos , el autor analiza el movimiento de liberación ncaional de algunos países de Asia en el tiempo que se agudizaba la lucha del proletariado con la burguesía en los países desarrollados. Lenin destaca el movimiento de liberación nacional en Persia, Turquía y China. Considera la lucha de las colonias y los países dependientes por su liberación como parte del movimiento revolucionario internacional. 
649 |a XX 
650 |a Colonialismo -  |z Asia -  |x Historia 
650 |a Hegemonía -  |z Asía -  |x Historia 
650 |a Revolución -  |z Asia -  |x Historia 
650 |a Contrarrevolución -  |z Asia -  |x Historia 
650 |a Resistencia Civil -  |z Asia -  |x Historia 
650 |a Internacionalismo 
650 |a Movimientos Políticos -  |z Asia -  |x Historia 
650 |a Movimientos Sociales -  |z Asia -  |x Historia 
650 |a Política Exterior -  |z Europa 
650 |a Política Internacional 
650 |a Marxismo 
650 |a Leninismo 
650 |a Política 
740 3 |a El despertar de Asia /  |c N. Lenin. 
910 |a Fondo General 
920 |a Impresos - Libros 
930 |a Colección General 
905 |a 101 
901 |a 0500122249  |b IT1  |c ACC  |u 20250521 
902 |a https://opac.biblio.iteso.mx/vufind/Record/000182253